| 000 | 00753nam a22002057a 4500 | ||
|---|---|---|---|
| 999 |
_c6689 _d6689 |
||
| 003 | AR-CdUCM | ||
| 008 | 190319b ||||| |||| 00| 0 spa d | ||
| 040 |
_aMUNICIPALIDAD PROVINCIAL DEL CUSCO _cBIBLIOTECA MUNICIPAL DEL CUSCO |
||
| 082 |
_a070.4 / _b P72 |
||
| 100 |
_aPodestá Núñez, Luis Eduardo _918814 |
||
| 245 | _aEl estilo periodístico / | ||
| 260 |
_aLima : _bPromotores y Consultores Andinos, _c1987. |
||
| 300 |
_a256 páginas ; _bilustraciones, retratos, _c20 cm. |
||
| 505 | _aContenido: Revistas, comentarios -- La carilla -- Leyendas o pies de grabado -- La sumilla -- Las comillas ... | ||
| 650 |
_aPeriodismo _91929 |
||
| 650 |
_aRedacción _91126 |
||
| 650 |
_aSignos de puntuación _918815 |
||
| 942 |
_2ddc _cLIBROS |
||
| 945 | _aachl | ||